Modern advances in chromatography
Zapisane w:
| 1. autor: | |
|---|---|
| Format: | Książka |
| Język: | angielski |
| Wydane: |
Berlín
Springer
2002
|
| Seria: | Advances in Biochemical Engineering Biotechnology, 76
|
| Hasła przedmiotowe: | |
| Etykiety: |
Dodaj etykietę
Nie ma etykietki, Dołącz pierwszą etykiete!
|
MARC
| LEADER | 00000cam a2200000 a 4500 | ||
|---|---|---|---|
| 001 | UCF2920 | ||
| 003 | CL-VaPUC | ||
| 008 | 120914e20020000GW |||||||||||||||||eng|d | ||
| 020 | |a 9783540430421 | ||
| 082 | 0 | 4 | |a 660.63 |b FRE |2 21 |
| 100 | 0 | |a Freitag, Ruth |e author |9 564761 | |
| 245 | 1 | 0 | |a Modern advances in chromatography |
| 300 | |a 271 p | ||
| 942 | |c BK | ||
| 945 | |d 20120914 00:00:00 |a cmena | ||
| 260 | |a Berlín |b Springer |c 2002 | ||
| 650 | 0 | |a Biotecnología |9 259561 | |
| 650 | 0 | |a Ingeniería bioquímica |9 260241 | |
| 650 | 0 | |a Cromatografía |9 263967 | |
| 650 | 0 | |a Química industrial |9 355322 | |
| 583 | |a last modification |c 20120914 00:13:00 |k Rodrigo Vera | ||
| 490 | 0 | |a Advances in Biochemical Engineering Biotechnology, 76 | |
| 999 | |c 349458 |d 349456 | ||
| 952 | |0 0 |1 0 |4 0 |6 660_630000000000000_FRE_2002 |7 0 |8 A |9 452082 |a BIBING |b BIBING |d 2019-11-22 |i 4906241 |o 660.63 FRE 2002 |p 4906241 |r 2025-01-20 |w 2019-11-22 |y BK |k EIB | ||